| 000 | 01156cam a22002651i 4500 | ||
|---|---|---|---|
| 003 | SA-RiAUC | ||
| 005 | 20250109073643.0 | ||
| 008 | 250107s1997 su g 000 0 ara c | ||
| 040 |
_aKW-ShULA _bara _cSA-RiAUC _erda |
||
| 082 | 0 | 4 |
_a252.1 _qSA-RiAUC |
| 090 |
_a252.1 _bا ب و ف |
||
| 100 | 1 |
_aأبو الفرج الدارمي، محمد بن عبد الواحد، _d358-449 هجري _eمؤلف. |
|
| 245 | 1 | 0 |
_aأحكام المتحيرة في الحيض / _cمحمد بن عبد الواحد الدرامي أبو الفرج ؛ تحقيق أبو محمد أشرف بن عبد المقصود. |
| 250 | _aالطبعة الأولى. | ||
| 264 | 1 |
_aالرياض : _bمكتبة أضواء السلف، _c1997 |
|
| 300 |
_a465 صفحة ؛ _c24 سم |
||
| 336 |
_aنص _btxt _2rdacontent _3كتاب |
||
| 337 |
_aبدون وسيط _bn _2rdamedia |
||
| 338 |
_aمجلد _bnc _2rdacarrier |
||
| 650 | 7 |
_aالحيض (طهارة) _2aucsh |
|
| 650 | 7 |
_aالطهارة (فقه إسلامي) _2aucsh |
|
| 700 | 1 |
_aابن عبد الرحيم، أشرف بن عبد المقصود _eمحقق. |
|
| 942 |
_2ddc _cBOOK _n0 |
||
| 949 |
_aSA-JeALM _d250107 _umohamedma123 _n1 |
||
| 999 |
_c4531 _d4531 |
||